000 01395nam0a22002531 4500
001 rc\173251
005 20260407083329.0
035 _a(NLR Aleph) 008762241
090 _a7872481
_c7872481
100 _a20030307d1991 |||y0rusy50 ca
101 0 _arus
102 _aRU
105 _aa |||||||||
200 1 _aОТЕЧЕСТВЕННОЕ и зарубежное оборудование для восстановления деталей
_eКаталог
_fГос. комис. Совета Министров СССР по продовольствию и закупкам, НИИ информ. и техн.-экон. исслед. по инж.-техн. обеспечению (Информагротех)
210 _aМ.
_cИнформагротех
_d1991
215 _a[1], 41 с.
_cил.
_d29
606 1 _aДетали машин
_xРемонт и восстановление
_xОборудование
_jКаталоги
_2nlr_sh1
712 0 1 _aСССР
_bКомиссия по продовольствию и закупкам
_bНИИ информации и технико-экономических исследований по инженерно-техническому обеспечению
_3RU\NLR\AUTH\8810295
_9293178
801 0 _aRU
_bNLR
_gpsbo
801 1 _aRU
_bELAR
_2rusmarc
801 2 _aRU
_bNLR
_c20050517
_2rusmarc
852 _aNLR
_bПт
_j36.62/232
942 _cBOOK
980 _aNB